000 00493nam a22002057a 4500
003 koha_MIRAKIL
005 20231213100025.0
008 231213b |||||||| |||| 00| 0 ||| d
020 _b978-6-05-541395-8
040 _aTR-IsEVY
_btur
_cTR-IsEVY
082 _a939.51 DUR/İ
100 _aDurmuş, İlhami.
245 0 _aİskitler
250 _a5. bs.
260 _bAkçağ Yayınları,
_c2015
300 _a236 s.
650 _aİskitler.
650 _aScythians.
942 _2ddc
_cBK
999 _c13270
_d13270